[Event "Olimpiada Dresden 2008 Femenina"]
[Site "Dresden GER"]
[Date "2008.11.14"]
[Round "2.16"]
[White "Agrest, Svetlana"]
[Black "Hansen, Evgenia"]
[Result "1-0"]
[WhiteElo "2258"]
[BlackElo "2169"]
[PlyCount "88"]
[EventDate "2008.11.13"]
[EventType "team-tourn"]
[EventRounds "11"]
[EventCountry "GER"]
[Source "lmi"]
[SourceDate "2008.11.13"]
[WhiteTeam "Suecia"]
[BlackTeam "Dinamarca"]
[WhiteTeamCountry "SWE"]
[BlackTeamCountry "DEN"]

1. e4 e5 2. Nf3 Nc6 3. Bc4 Bc5 4. d3 Nf6 5. c3 a6 6. Bb3 Ba7 7. Nbd2 d6 8. h3
O-O 9. Nf1 Be6 10. Ng3 h6 11. O-O Bxb3 12. axb3 d5 13. Qe2 dxe4 14. dxe4 Qe7
15. Nh4 Qe6 16. b4 Rfd8 17. Nhf5 Ne7 18. Nxe7+ Qxe7 19. Nf5 Qe6 20. Qf3 Kh7 21.
Qg3 Rg8 22. Qh4 Ne8 23. Ra5 g5 24. Qh5 Rg6 25. Qf3 Nf6 26. g4 Rd8 27. Kg2 Bb6
28. Ra1 Qc4 29. Ne7 Rd3 30. Be3 Nxe4 31. Nxg6 fxg6 32. Rad1 Nd6 33. Rxd3 e4 34.
Qf6 Qxd3 35. Bxb6 cxb6 36. Qe7+ Kg8 37. Qd8+ Kg7 38. Qxb6 Qf3+ 39. Kg1 Nf7 40.
Qd4+ Kh7 41. Re1 Qxh3 42. Rxe4 Qf3 43. Re7 h5 44. Re3 Qc6 1-0

[Event "Olimpiada Dresden 2008 Femenina"]
[Site "Dresden GER"]
[Date "2008.11.14"]
[Round "2.16"]
[White "Agrest, Inna"]
[Black "Fredericia, Louise"]
[Result "0-1"]
[WhiteElo "2215"]
[BlackElo "2095"]
[PlyCount "138"]
[EventDate "2008.11.13"]
[EventType "team-tourn"]
[EventRounds "11"]
[EventCountry "GER"]
[Source "lmi"]
[SourceDate "2008.11.13"]
[WhiteTeam "Suecia"]
[BlackTeam "Dinamarca"]
[WhiteTeamCountry "SWE"]
[BlackTeamCountry "DEN"]

1. e4 c5 2. Nf3 Nc6 3. d4 cxd4 4. Nxd4 g6 5. c4 Bg7 6. Nc2 Nf6 7. Nc3 d6 8. Be2
O-O 9. O-O Bd7 10. Rb1 Rc8 11. f3 Ne8 12. Nd5 e6 13. Nde3 f5 14. exf5 gxf5 15.
f4 Qb6 16. Kh1 Nd4 17. Nxd4 Qxd4 18. Bd3 Bc6 19. Nc2 Qf6 20. Be3 Qg6 21. Qe2 b6
22. Nd4 Bb7 23. Bg1 Rf7 24. Rbe1 Nc7 25. Qd2 Re8 26. Nf3 Bf6 27. Re3 Rg7 28.
Ne1 Bh4 29. Nf3 Bf6 30. Ne1 Ree7 31. Rg3 Qh6 32. Rxg7+ Rxg7 33. Be2 Bh4 34. Bf3
Bxe1 35. Qxe1 Bxf3 36. Rxf3 Qf6 37. Qd2 e5 38. Rd3 Ne8 39. fxe5 dxe5 40. Rd8
Qc6 41. Qd5+ Qxd5 42. Rxd5 Re7 43. c5 Kf7 44. cxb6 axb6 45. Bxb6 Ke6 46. Rd8
Nf6 47. Bc5 Rc7 48. b4 Ne4 49. Re8+ Kd5 50. Rd8+ Kc4 51. Bf8 Ra7 52. Rc8+ Kd3
53. Rd8+ Ke2 54. h4 Rxa2 55. Bc5 Ng3+ 56. Kh2 Nf1+ 57. Kh1 Ra1 58. Bg1 Rb1 59.
Rd5 e4 60. b5 h5 61. b6 e3 62. Rd6 Rb4 63. g3 Nxg3+ 64. Kg2 Nf1 65. Kh3 f4 66.
Rf6 f3 67. Bxe3 Nxe3 68. Kg3 Rg4+ 69. Kh3 Nf1 0-1

[Event "Olimpiada Dresden 2008 Femenina"]
[Site "Dresden GER"]
[Date "2008.11.14"]
[Round "2.16"]
[White "Frank-Nielsen, Marie"]
[Black "Pavlovskaia, Evgenia"]
[Result "1-0"]
[WhiteElo "1971"]
[BlackElo "2197"]
[PlyCount "99"]
[EventDate "2008.11.13"]
[EventType "team-tourn"]
[EventRounds "11"]
[EventCountry "GER"]
[Source "lmi"]
[SourceDate "2008.11.13"]
[WhiteTeam "Dinamarca"]
[BlackTeam "Suecia"]
[WhiteTeamCountry "DEN"]
[BlackTeamCountry "SWE"]

1. e4 c6 2. d4 d5 3. exd5 cxd5 4. c4 Nf6 5. Nc3 g6 6. Bg5 Bg7 7. Nf3 Ne4 8.
cxd5 Nxc3 9. bxc3 Qxd5 10. Be2 h6 11. Be3 O-O 12. O-O Nc6 13. Qd2 Kh7 14. Rac1
Qa5 15. Rfd1 Rd8 16. Qb2 b6 17. Bb5 Bd7 18. Bd2 Nxd4 19. Nxd4 Bxd4 20. Bxd7
Bxf2+ 21. Kxf2 Rxd7 22. Be3 Rxd1 23. Rxd1 Qh5 24. Qc1 Rc8 25. Rf1 e5 26. Kg1
Rc7 27. Qd2 Qh4 28. Qd6 Qe7 29. Qd2 h5 30. Bg5 Qc5+ 31. Kh1 Qc4 32. Qf2 Qxc3
33. h4 Qd4 34. Qf6 Rd7 35. Kh2 b5 36. Rf2 Qb6 37. Qxb6 axb6 38. Rf6 Rb7 39. a3
Kg7 40. Rc6 e4 41. Bf6+ Kh7 42. Kg3 Ra7 43. Rc3 Ra4 44. Rb3 Ra5 45. Bc3 Ra8 46.
Kf4 Rc8 47. Bd4 Rc2 48. g3 f5 49. Bxb6 Ra2 50. Bc5 1-0

[Event "Olimpiada Dresden 2008 Femenina"]
[Site "Dresden GER"]
[Date "2008.11.14"]
[Round "2.17"]
[White "Mamedjarova, Zeinab"]
[Black "Tilenbaeva, Janyl"]
[Result "*"]
[WhiteElo "2351"]
[BlackElo "2037"]
[PlyCount "65"]
[EventDate "2008.11.13"]
[EventType "team-tourn"]
[EventRounds "11"]
[EventCountry "GER"]
[Source "lmi"]
[SourceDate "2008.11.13"]
[WhiteTeam "Azerbaiyán"]
[BlackTeam "Kyrgyzstan"]
[WhiteTeamCountry "AZE"]
[BlackTeamCountry "KGZ"]

1. Nf3 Nf6 2. c4 e6 3. g3 b6 4. Bg2 Bb7 5. O-O Be7 6. Nc3 c5 7. Re1 O-O 8. e4
d6 9. d4 cxd4 10. Nxd4 a6 11. f4 Qc7 12. Be3 Nbd7 13. Rc1 Rac8 14. g4 Nc5 15.
Bf2 Rfd8 16. g5 Ne8 17. Qf3 e5 18. Nf5 exf4 19. h4 Bf8 20. Nd5 Bxd5 21. exd5 g6
22. Nd4 Ng7 23. Bh3 Ra8 24. Nc6 Re8 25. Bd4 Nh5 26. Bg4 Bg7 27. Bxh5 Bxd4+ 28.
Nxd4 gxh5 29. Nf5 Re5 30. Rxe5 dxe5 31. b4 e4 32. Qc3 Ne6 33. d6 *

[Event "Olimpiada Dresden 2008 Femenina"]
[Site "Dresden GER"]
[Date "2008.11.14"]
[Round "2.17"]
[White "Lim, Greta"]
[Black "Mamedjarova, Turkan"]
[Result "0-1"]
[WhiteElo "2072"]
[BlackElo "2269"]
[PlyCount "110"]
[EventDate "2008.11.13"]
[EventType "team-tourn"]
[EventRounds "11"]
[EventCountry "GER"]
[Source "lmi"]
[SourceDate "2008.11.13"]
[WhiteTeam "Kyrgyzstan"]
[BlackTeam "Azerbaiyán"]
[WhiteTeamCountry "KGZ"]
[BlackTeamCountry "AZE"]

1. Nf3 d5 2. d4 Nf6 3. c4 e6 4. Bg5 Be7 5. Nc3 O-O 6. e3 b6 7. Bxf6 Bxf6 8.
cxd5 exd5 9. Qc2 Bb7 10. Bd3 h6 11. O-O Nc6 12. a3 Ne7 13. Rfd1 c5 14. b3 Qc7
15. Rac1 Rac8 16. Na4 Bc6 17. Nb2 Kh8 18. Ba6 Bb7 19. Be2 Qd6 20. dxc5 Rxc5 21.
Qb1 Rxc1 22. Rxc1 Qxa3 23. Rc7 Bc6 24. Nd3 a5 25. g3 Qd6 26. Ra7 Nc8 27. Ra6
Bb7 28. Nf4 Bxa6 29. Bxa6 Ne7 30. Qd3 Qc5 31. Bb7 Rb8 32. Bxd5 g5 33. Bxf7 gxf4
34. exf4 Qf5 35. Qd6 Rf8 36. Bc4 b5 37. Bd3 Qd5 38. Qxd5 Nxd5 39. Bxb5 Rc8 40.
Nd2 Bd4 41. Nc4 Nb6 42. Nd6 Rc2 43. Nf5 Bc5 44. Nxh6 Rxf2 45. Nf7+ Kg7 46. Ng5
Rb2+ 47. Kf1 Rxb3 48. Bc6 Be7 49. Ne6+ Kf6 50. Nd4 Rb1+ 51. Kg2 Bc5 52. Nb5
Rb2+ 53. Kh3 a4 54. g4 Rb3+ 55. Kh4 Bf2+ 0-1

[Event "Olimpiada Dresden 2008 Femenina"]
[Site "Dresden GER"]
[Date "2008.11.14"]
[Round "2.17"]
[White "Umudova, Nargiz"]
[Black "Shyngys Kyzy, Aijarkyn"]
[Result "1-0"]
[WhiteElo "2219"]
[BlackElo "1707"]
[PlyCount "42"]
[EventDate "2008.11.13"]
[EventType "team-tourn"]
[EventRounds "11"]
[EventCountry "GER"]
[Source "lmi"]
[SourceDate "2008.11.13"]
[WhiteTeam "Azerbaiyán"]
[BlackTeam "Kyrgyzstan"]
[WhiteTeamCountry "AZE"]
[BlackTeamCountry "KGZ"]

1. e4 e5 2. Nf3 Nf6 3. Nxe5 d6 4. Nf3 Nxe4 5. Nc3 Nf6 6. d4 d5 7. Bd3 Bd6 8.
O-O O-O 9. Bg5 c6 10. Ne5 Nbd7 11. Re1 Qc7 12. Nxd7 Nxd7 13. Qh5 g6 14. Qh6 f5
15. Qh4 Nb6 16. Be7 Rf7 17. Bd8 Qd7 18. Re2 Bc7 19. Bf6 Qd6 20. Re8+ Rf8 21.
Be5 Qd7 1-0

[Event "Olimpiada Dresden 2008 Femenina"]
[Site "Dresden GER"]
[Date "2008.11.14"]
[Round "2.17"]
[White "Tilenbaeva, Bartygul"]
[Black "Isgandarova, Khayala"]
[Result "0-1"]
[WhiteElo "2080"]
[BlackElo "2206"]
[PlyCount "100"]
[EventDate "2008.11.13"]
[EventType "team-tourn"]
[EventRounds "11"]
[EventCountry "GER"]
[Source "lmi"]
[SourceDate "2008.11.13"]
[WhiteTeam "Kyrgyzstan"]
[BlackTeam "Azerbaiyán"]
[WhiteTeamCountry "KGZ"]
[BlackTeamCountry "AZE"]

1. e4 e6 2. d4 d5 3. exd5 exd5 4. Nf3 Nf6 5. Bd3 Bg4 6. c3 Bd6 7. Be3 Nbd7 8.
Nbd2 c6 9. Qc2 Qc7 10. h3 Bh5 11. Nh4 O-O-O 12. g4 Bg6 13. Nxg6 hxg6 14. O-O-O
Bf4 15. Bxf4 Qxf4 16. f3 g5 17. Kb1 Kb8 18. a4 c5 19. dxc5 Nxc5 20. b4 Nxd3 21.
Qxd3 a5 22. Qb5 axb4 23. cxb4 Ne8 24. Qa5 Nc7 25. b5 Rhe8 26. Rhe1 Rxe1 27.
Rxe1 Qd4 28. b6 Na6 29. Nb3 Qd3+ 30. Kb2 Rc8 31. Qd2 Qxf3 32. Re3 Qf6+ 33. Qd4
Qf2+ 34. Qd2 Qf4 35. Qd4 Qd6 36. Qxg7 Qxb6 37. Qxg5 Nc5 38. Qe5+ Ka8 39. Qd4
Nd7 40. Rf3 Qe6 41. Rf2 Nb6 42. a5 Nc4+ 43. Ka2 Qc6 44. Qd3 Qa4+ 45. Kb1 Qb4
46. Rxf7 Re8 47. a6 Re3 48. axb7+ Kb8 49. Rf8+ Qxf8 50. Qxd5 Rxb3+ 0-1

[Event "Olimpiada Dresden 2008 Femenina"]
[Site "Dresden GER"]
[Date "2008.11.14"]
[Round "2.18"]
[White "Golubenko, Valentina"]
[Black "Hamid, Rani"]
[Result "1-0"]
[WhiteElo "2273"]
[BlackElo "2132"]
[PlyCount "125"]
[EventDate "2008.11.13"]
[EventType "team-tourn"]
[EventRounds "11"]
[EventCountry "GER"]
[Source "lmi"]
[SourceDate "2008.11.13"]
[WhiteTeam "Croacia"]
[BlackTeam "Bangladesh"]
[WhiteTeamCountry "CRO"]
[BlackTeamCountry "BAN"]

1. d4 Nf6 2. Nf3 d5 3. c4 c6 4. e3 g6 5. Bd3 Bg7 6. O-O O-O 7. Nc3 b6 8. Qe2
Ba6 9. Ne5 dxc4 10. Bxc4 Bxc4 11. Qxc4 Qd6 12. e4 b5 13. Qd3 Nfd7 14. Nxd7 Nxd7
15. Rd1 Rfd8 16. Be3 Ne5 17. Qe2 Nc4 18. e5 Qb4 19. Rab1 Qa5 20. Bg5 Qc7 21. b3
Nb6 22. Rbc1 Qd7 23. Ne4 Nd5 24. Bd2 h6 25. h3 a5 26. Nc5 Qe8 27. Nb7 Rdc8 28.
Nxa5 b4 29. Rc5 e6 30. Nb7 Bf8 31. Rc2 Qd7 32. Nc5 Qa7 33. Qe4 Kh7 34. Qh4 Qe7
35. Qg3 Ra7 36. h4 Rca8 37. Na4 Ra6 38. Rdc1 Qa7 39. Qg4 h5 40. Qe4 Ne7 41.
Bxb4 Nf5 42. Bxf8 Rxf8 43. Rxc6 Rxc6 44. Rxc6 Qa8 45. Nc3 Nxd4 46. Rc4 Nf5 47.
Qxa8 Rxa8 48. b4 Kg7 49. b5 Ne7 50. Rc7 Nc8 51. Ne4 Nb6 52. Ng5 Rxa2 53. Rxf7+
Kg8 54. Rb7 Nc4 55. Rb8+ Kg7 56. Nxe6+ Kf7 57. Ng5+ Ke7 58. Rb7+ Ke8 59. e6 Re2
60. b6 Rb2 61. Ne4 Re2 62. Nf6+ Kd8 63. e7+ 1-0

[Event "Olimpiada Dresden 2008 Femenina"]
[Site "Dresden GER"]
[Date "2008.11.14"]
[Round "2.18"]
[White "Shamima, Akter Liza"]
[Black "Medic, Mirjana"]
[Result "0-1"]
[WhiteElo "2094"]
[BlackElo "2281"]
[PlyCount "64"]
[EventDate "2008.11.13"]
[EventType "team-tourn"]
[EventRounds "11"]
[EventCountry "GER"]
[Source "lmi"]
[SourceDate "2008.11.13"]
[WhiteTeam "Bangladesh"]
[BlackTeam "Croacia"]
[WhiteTeamCountry "BAN"]
[BlackTeamCountry "CRO"]

1. d4 e6 2. c4 f5 3. Nc3 Nf6 4. Nf3 Bb4 5. Qc2 b6 6. a3 Bxc3+ 7. Qxc3 Ne4 8.
Qc2 Bb7 9. Bf4 d6 10. h4 Nd7 11. Ng5 Qf6 12. Rd1 Nxg5 13. hxg5 Qf7 14. e3 e5
15. Bh2 h6 16. Bg1 O-O-O 17. gxh6 Rxh6 18. Rxh6 gxh6 19. d5 f4 20. Bd3 f3 21.
g4 Kb8 22. Bf5 Nf6 23. Bh2 Qg7 24. Kd2 Nxg4 25. Rg1 h5 26. Bg3 Qg5 27. Bd3 Rf8
28. Be4 Nxe3 29. fxe3 f2 30. Rf1 Qxg3 31. Qd3 Qh4 32. Rh1 Qxh1 0-1

[Event "Olimpiada Dresden 2008 Femenina"]
[Site "Dresden GER"]
[Date "2008.11.14"]
[Round "2.18"]
[White "Franciskovic, Borka"]
[Black "Khan, Nazrana"]
[Result "1-0"]
[WhiteElo "2275"]
[BlackElo "1987"]
[PlyCount "63"]
[EventDate "2008.11.13"]
[EventType "team-tourn"]
[EventRounds "11"]
[EventCountry "GER"]
[Source "lmi"]
[SourceDate "2008.11.13"]
[WhiteTeam "Croacia"]
[BlackTeam "Bangladesh"]
[WhiteTeamCountry "CRO"]
[BlackTeamCountry "BAN"]

1. c4 Nf6 2. Nc3 e6 3. e4 Bb4 4. e5 Ng8 5. Qg4 Bf8 6. d4 d6 7. Nf3 Nc6 8. Be2
Nce7 9. O-O Nh6 10. Bxh6 gxh6 11. Ne4 Nf5 12. Nf6+ Ke7 13. Bd3 dxe5 14. Bxf5
exf5 15. Qh4 Be6 16. d5 Bg7 17. Nh5+ Kf8 18. Qxd8+ Rxd8 19. Nxg7 Kxg7 20. dxe6
e4 21. e7 Rd7 22. Nh4 Kf6 23. Rad1 Rxe7 24. Rd5 Re5 25. Rxe5 Kxe5 26. Rd1 Ke6
27. g3 c6 28. Ng2 Rg8 29. Nf4+ Ke7 30. Kf1 Rb8 31. Ke2 b5 32. c5 1-0

[Event "Olimpiada Dresden 2008 Femenina"]
[Site "Dresden GER"]
[Date "2008.11.14"]
[Round "2.18"]
[White "Parveen, Tanima"]
[Black "Jelica, Mara"]
[Result "1/2-1/2"]
[WhiteElo "2066"]
[BlackElo "2205"]
[PlyCount "78"]
[EventDate "2008.11.13"]
[EventType "team-tourn"]
[EventRounds "11"]
[EventCountry "GER"]
[Source "lmi"]
[SourceDate "2008.11.13"]
[WhiteTeam "Bangladesh"]
[BlackTeam "Croacia"]
[WhiteTeamCountry "BAN"]
[BlackTeamCountry "CRO"]

1. e4 c5 2. c3 d5 3. exd5 Qxd5 4. d4 g6 5. Nf3 Bg7 6. Be2 cxd4 7. cxd4 Nf6 8.
Nc3 Qa5 9. O-O O-O 10. Be3 Nbd7 11. Qb3 Nb6 12. Rac1 Be6 13. Qb5 Qxb5 14. Bxb5
a6 15. Be2 Nbd5 16. Bg5 h6 17. Nxd5 Bxd5 18. Be3 Rac8 19. b3 Ne4 20. Bc4 Nf6
21. Ne5 Rfd8 22. Rfd1 e6 23. h3 Bf8 24. a4 g5 25. Bxd5 Nxd5 26. Rxc8 Rxc8 27.
Rc1 Rxc1+ 28. Bxc1 Bg7 29. Bd2 Bxe5 30. dxe5 Kg7 31. Kf1 Kg6 32. g4 Nb6 33. Bb4
Nd5 34. Bd2 Nb6 35. Bb4 Nd7 36. Bd6 h5 37. Ke2 Nb6 38. Bb4 Nd5 39. Bd2 h4
1/2-1/2

[Event "Olimpiada Dresden 2008 Femenina"]
[Site "Dresden GER"]
[Date "2008.11.14"]
[Round "2.19"]
[White "Terao, Juliana Sayumi"]
[Black "Houska, Jovanka"]
[Result "0-1"]
[WhiteElo "2143"]
[BlackElo "2399"]
[PlyCount "68"]
[EventDate "2008.11.13"]
[EventType "team-tourn"]
[EventRounds "11"]
[EventCountry "GER"]
[Source "lmi"]
[SourceDate "2008.11.13"]
[WhiteTeam "Brasil"]
[BlackTeam "Inglaterra"]
[WhiteTeamCountry "BRA"]
[BlackTeamCountry "ENG"]

1. e4 c6 2. d4 d5 3. exd5 cxd5 4. c4 Nf6 5. Nc3 e6 6. Nf3 Be7 7. Bd3 dxc4 8.
Bxc4 a6 9. a4 Nc6 10. O-O O-O 11. Re1 Nb4 12. Qb3 b6 13. Be3 Bb7 14. Ne5 Nbd5
15. Rad1 Rc8 16. Bg5 Nxc3 17. bxc3 Ne4 18. Bxe7 Qxe7 19. Qxb6 Nxc3 20. Rc1 Nd5
21. Bxd5 Rxc1 22. Rxc1 Bxd5 23. g3 Qa3 24. Qc7 f6 25. Nd7 Qf3 26. Kf1 Re8 27.
Nb6 Qg2+ 28. Ke1 Bf3 29. Qd7 Qg1+ 30. Kd2 Qxf2+ 31. Kc3 Bh5 32. Kb3 Qxh2 33.
Rc3 Qg1 34. Kc4 e5 0-1

[Event "Olimpiada Dresden 2008 Femenina"]
[Site "Dresden GER"]
[Date "2008.11.14"]
[Round "2.19"]
[White "Ciuksyte, Dagne"]
[Black "Feliciano, Vanessa"]
[Result "1-0"]
[WhiteElo "2339"]
[BlackElo "2126"]
[PlyCount "57"]
[EventDate "2008.11.13"]
[EventType "team-tourn"]
[EventRounds "11"]
[EventCountry "GER"]
[Source "lmi"]
[SourceDate "2008.11.13"]
[WhiteTeam "Inglaterra"]
[BlackTeam "Brasil"]
[WhiteTeamCountry "ENG"]
[BlackTeamCountry "BRA"]

1. b3 e5 2. Bb2 d6 3. g3 Nc6 4. c4 f5 5. Bg2 Nf6 6. d3 g6 7. e3 Bg7 8. Ne2 O-O
9. O-O Be6 10. a3 Qd7 11. Qc2 Rae8 12. Nbc3 g5 13. f4 Ng4 14. Nd5 Ne7 15. Qd2
Bxd5 16. cxd5 gxf4 17. gxf4 Ng6 18. h3 Nf6 19. Kh2 exf4 20. Nxf4 Nxf4 21. Rxf4
Bh6 22. Rf3 Nh5 23. Rg1 Rf7 24. Qf2 Bg7 25. Bf1 Kh8 26. Bxg7+ Nxg7 27. e4 Ref8
28. Qd4 fxe4 29. Qxg7+ 1-0

[Event "Olimpiada Dresden 2008 Femenina"]
[Site "Dresden GER"]
[Date "2008.11.14"]
[Round "2.19"]
[White "Chaves, Joara"]
[Black "Lauterbach, Ingrid"]
[Result "1-0"]
[WhiteElo "2065"]
[BlackElo "2178"]
[PlyCount "113"]
[EventDate "2008.11.13"]
[EventType "team-tourn"]
[EventRounds "11"]
[EventCountry "GER"]
[Source "lmi"]
[SourceDate "2008.11.13"]
[WhiteTeam "Brasil"]
[BlackTeam "Inglaterra"]
[WhiteTeamCountry "BRA"]
[BlackTeamCountry "ENG"]

1. e4 g6 2. Nc3 d6 3. d4 c6 4. a4 Nd7 5. Nf3 Bg7 6. Be2 Qc7 7. Be3 Ngf6 8. h3
O-O 9. Qd2 Re8 10. O-O e5 11. dxe5 dxe5 12. Rfd1 Bf8 13. Bg5 Bb4 14. Bd3 Be7
15. Bc4 Nf8 16. Bxf6 Bxf6 17. Qd6 Qxd6 18. Rxd6 Kg7 19. Rad1 Ne6 20. R6d2 Nd4
21. Kh2 b6 22. Ne2 c5 23. Bd5 Rb8 24. c3 Nxf3+ 25. gxf3 Bg5 26. Rd3 a6 27. c4
Re7 28. Nc3 f5 29. Kg2 Bd7 30. b3 Bh4 31. Ba8 Be6 32. Bd5 Rf8 33. Bxe6 Rxe6 34.
Rd7+ Kh6 35. Ra7 fxe4 36. Nxe4 b5 37. Rdd7 Rh8 38. axb5 axb5 39. Nd6 Rxd6 40.
Rxd6 bxc4 41. bxc4 Rb8 42. Rd2 Rb4 43. Rc2 Bd8 44. Rd7 Rb8 45. Ra2 Bf6 46. Rc7
e4 47. Rxc5 exf3+ 48. Kxf3 Rb3+ 49. Kg2 Rc3 50. Rd2 Bg5 51. Rd7 Bf4 52. Rf7 Bb8
53. h4 Rc2 54. Rc8 Be5 55. Re8 Bd4 56. Ree7 g5 57. Re6+ 1-0

[Event "Olimpiada Dresden 2008 Femenina"]
[Site "Dresden GER"]
[Date "2008.11.14"]
[Round "2.19"]
[White "Bhatia, Kanwal K"]
[Black "Gazola, Vanessa Ramos"]
[Result "1-0"]
[WhiteElo "2065"]
[BlackElo "1973"]
[PlyCount "63"]
[EventDate "2008.11.13"]
[EventType "team-tourn"]
[EventRounds "11"]
[EventCountry "GER"]
[Source "lmi"]
[SourceDate "2008.11.13"]
[WhiteTeam "Inglaterra"]
[BlackTeam "Brasil"]
[WhiteTeamCountry "ENG"]
[BlackTeamCountry "BRA"]

1. e4 c5 2. c3 Nf6 3. e5 Nd5 4. d4 cxd4 5. Nf3 Nc6 6. cxd4 d6 7. Bc4 Nb6 8. Bb3
dxe5 9. d5 Na5 10. Nc3 Nxb3 11. Qxb3 e6 12. Nxe5 Nxd5 13. Qb5+ Bd7 14. Qxb7 Nb6
15. Nb5 Bb4+ 16. Nc3 O-O 17. O-O Qc8 18. Qe4 Bd6 19. Rd1 Bxe5 20. Qxe5 Bc6 21.
Rd4 f6 22. Qg3 Rd8 23. Bh6 g6 24. Rad1 Rxd4 25. Rxd4 e5 26. Rd6 Kf7 27. Qh4 g5
28. Bxg5 fxg5 29. Qxh7+ Ke8 30. Qg6+ Kf8 31. Rxc6 Qe8 32. Rf6+ 1-0

[Event "Olimpiada Dresden 2008 Femenina"]
[Site "Dresden GER"]
[Date "2008.11.14"]
[Round "2.20"]
[White "Petrenko, Svetlana"]
[Black "Zsiltzova-Lisenko, Lubov"]
[Result "0-1"]
[WhiteElo "2285"]
[BlackElo "2265"]
[PlyCount "120"]
[EventDate "2008.11.13"]
[EventType "team-tourn"]
[EventRounds "11"]
[EventCountry "GER"]
[Source "lmi"]
[SourceDate "2008.11.13"]
[WhiteTeam "Moldavia"]
[BlackTeam "Ucrania"]
[WhiteTeamCountry "MDA"]
[BlackTeamCountry "UKR"]

1. e4 c5 2. c3 Nf6 3. e5 Nd5 4. g3 Nc6 5. Bg2 e6 6. Nf3 d6 7. exd6 Bxd6 8. O-O
O-O 9. d4 cxd4 10. Nxd4 Nxd4 11. Qxd4 Qc7 12. Nd2 Be5 13. Qd3 Rd8 14. Qe2 Bd7
15. Re1 Bf6 16. Ne4 Be7 17. Ng5 Nf6 18. Bf4 Qb6 19. Be3 Qc7 20. Bd4 Rac8 21.
Qc2 g6 22. Qb3 b6 23. a4 h6 24. Nf3 Bc6 25. Ne5 Bxg2 26. Kxg2 Bc5 27. Bxc5 Qxc5
28. Qc2 Kg7 29. Re3 Rd5 30. Rae1 Rcd8 31. R3e2 Qc7 32. c4 Rd4 33. Qc3 Qb7+ 34.
Kg1 Kg8 35. f3 Qc7 36. Kg2 R8d6 37. b4 Nd7 38. Re4 Rxe4 39. Rxe4 Nxe5 40. Rxe5
Qd7 41. Re2 Qxa4 42. c5 Qc6 43. Rc2 Rd5 44. Qa3 bxc5 45. bxc5 a6 46. Qc3 h5 47.
Kf2 a5 48. f4 a4 49. Ke3 Rf5 50. Qb4 e5 51. Qe4 exf4+ 52. gxf4 Qc7 53. c6 a3
54. Qc4 Rf6 55. Qa4 Kh7 56. Rc4 Re6+ 57. Kf3 Qd6 58. Qc2 Qd5+ 59. Kf2 Qh1 60.
Kg3 Qe1+ 0-1

[Event "Olimpiada Dresden 2008 Femenina"]
[Site "Dresden GER"]
[Date "2008.11.14"]
[Round "2.20"]
[White "Maeckelberg, Mieke"]
[Black "Smokina, Karolina"]
[Result "0-1"]
[WhiteElo "1959"]
[BlackElo "2235"]
[PlyCount "48"]
[EventDate "2008.11.13"]
[EventType "team-tourn"]
[EventRounds "11"]
[EventCountry "GER"]
[Source "lmi"]
[SourceDate "2008.11.13"]
[WhiteTeam "Bélgica"]
[BlackTeam "Moldavia"]
[WhiteTeamCountry "BEL"]
[BlackTeamCountry "MDA"]

1. e4 c5 2. Nf3 Nc6 3. Bb5 g6 4. O-O Bg7 5. Nc3 Nd4 6. Be2 e6 7. d3 a6 8. Be3
d5 9. exd5 exd5 10. Bd2 Ne7 11. Re1 O-O 12. h3 Nef5 13. g4 Nxe2+ 14. Rxe2 Nd4
15. Re1 b5 16. Nxd4 cxd4 17. Ne2 f5 18. g5 f4 19. h4 Bg4 20. Qc1 Bxe2 21. Rxe2
f3 22. Re6 Qd7 23. Qe1 Rae8 24. Rxe8 Qg4+ 0-1

[Event "Olimpiada Dresden 2008 Femenina"]
[Site "Dresden GER"]
[Date "2008.11.14"]
[Round "2.20"]
[White "Partac, Elena"]
[Black "Stolarczyk, Anna"]
[Result "1-0"]
[WhiteElo "2168"]
[BlackElo "2001"]
[PlyCount "75"]
[EventDate "2008.11.13"]
[EventType "team-tourn"]
[EventRounds "11"]
[EventCountry "GER"]
[Source "lmi"]
[SourceDate "2008.11.13"]
[WhiteTeam "Moldavia"]
[BlackTeam "Polonia"]
[WhiteTeamCountry "MDA"]
[BlackTeamCountry "POL"]

1. e4 c5 2. Nc3 Nc6 3. g3 g6 4. Bg2 Bg7 5. d3 d6 6. Be3 e5 7. Qd2 Nge7 8. Bh6
Bxh6 9. Qxh6 Nd4 10. Qd2 Qa5 11. h3 Be6 12. f4 Nec6 13. a3 f6 14. Nf3 Nxf3+ 15.
Bxf3 Nd4 16. Bg2 O-O 17. O-O Kg7 18. Rae1 b5 19. f5 Bg8 20. h4 b4 21. Nd1 Qb6
22. Ne3 a5 23. fxg6 hxg6 24. Ng4 c4 25. Qh6+ Kf7 26. Rxf6+ Ke7 27. Qg7+ Bf7 28.
Kh2 Ne6 29. Qh7 g5 30. Ref1 Nd8 31. Nxe5 gxh4 32. Nxf7 hxg3+ 33. Kxg3 Qe3+ 34.
R1f3 Qe1+ 35. Kh2 Rxf7 36. Rxf7+ Nxf7 37. Rxf7+ Ke6 38. Qf5# 1-0

[Event "Olimpiada Dresden 2008 Femenina"]
[Site "Dresden GER"]
[Date "2008.11.14"]
[Round "2.20"]
[White "Debowska, Teresa"]
[Black "Bulmaga, Irina"]
[Result "0-1"]
[WhiteElo "1916"]
[BlackElo "2287"]
[PlyCount "92"]
[EventDate "2008.11.13"]
[EventType "team-tourn"]
[EventRounds "11"]
[EventCountry "GER"]
[Source "lmi"]
[SourceDate "2008.11.13"]
[WhiteTeam "Polonia"]
[BlackTeam "Moldavia"]
[WhiteTeamCountry "POL"]
[BlackTeamCountry "MDA"]

1. g3 d5 2. Bg2 c6 3. d3 Nf6 4. Nd2 e5 5. e4 Bd6 6. Ngf3 O-O 7. O-O Re8 8. Qe2
Nbd7 9. Rd1 Qc7 10. h4 Nc5 11. Nh2 dxe4 12. dxe4 b5 13. h5 h6 14. b3 Ne6 15. c3
a5 16. Ndf1 b4 17. Bb2 Ba6 18. c4 a4 19. g4 a3 20. Bc1 Nd4 21. Qd3 Bc5 22. Ng3
Rad8 23. Qf1 Qd7 24. Nf5 Ne2+ 25. Qxe2 Qxd1+ 26. Qxd1 Rxd1+ 27. Nf1 Nxg4 28.
Bf3 Nxf2 29. Kg2 Re1 30. N1g3 Nd3 31. Ne2 Nxc1 32. Rxc1 Rxc1 33. Nxc1 Rd8 34.
Kf1 Bc8 35. Ke2 Bxf5 36. exf5 Rd4 37. Nd3 e4 38. Nxc5 exf3+ 39. Kxf3 Rd2 40.
Na6 Rxa2 41. Nxb4 Rb2 42. Ke4 Rxb3 43. Nc2 a2 44. Kd4 Rb2 45. Na1 Rb1 46. Nc2
Rc1 0-1

[Event "Olimpiada Dresden 2008 Femenina"]
[Site "Dresden GER"]
[Date "2008.11.14"]
[Round "2.21"]
[White "Ptacnikova, Lenka"]
[Black "Zimina, Olga"]
[Result "0-1"]
[WhiteElo "2237"]
[BlackElo "2368"]
[PlyCount "76"]
[EventDate "2008.11.13"]
[EventType "team-tourn"]
[EventRounds "11"]
[EventCountry "GER"]
[Source "lmi"]
[SourceDate "2008.11.13"]
[WhiteTeam "Islandia"]
[BlackTeam "Italia"]
[WhiteTeamCountry "ISL"]
[BlackTeamCountry "ITA"]

1. c4 e5 2. g3 Nf6 3. Bg2 d5 4. cxd5 Nxd5 5. Nf3 Nc6 6. O-O Be7 7. d4 e4 8. Ne5
Bf5 9. Nxc6 bxc6 10. Nd2 Nf6 11. Qa4 O-O 12. Nb3 Bg4 13. f3 exf3 14. exf3 Be6
15. Na5 Bd5 16. Be3 Rb8 17. Nxc6 Bxc6 18. Qxc6 Rxb2 19. Rf2 Rb6 20. Qa4 Nd5 21.
Bd2 Bf6 22. Rd1 Rb2 23. Qxa7 Nb6 24. Be3 Rb4 25. d5 Qe7 26. Bxb6 Rxb6 27. Kf1
Re8 28. Qa4 g6 29. Bh3 Rbb8 30. Qc4 Rb4 31. Qc6 Bd4 32. Rg2 Qe3 33. d6 Rb6 34.
Qxe8+ Qxe8 35. d7 Qa8 36. f4 Qf3+ 37. Ke1 Bc3+ 38. Rgd2 Bxd2+ 0-1